Statystyki dla Państwa posiadające na fladze kolor zielony.

Kliknij tutaj aby rozwiązać quiz!

Ogólne statystyki

  • Ten quiz został rozwiązany 243 razy
    (109 od ostatniego zresetowania)
  • Średni wynik to 30 z 97

Statystyki odpowiedzi

Odpowiedź:% Poprawnych
Włochy
91%
Portugalia
86%
Irlandia
82%
Litwa
76%
Węgry
76%
Białoruś
75%
Bułgaria
64%
Brazylia
63%
Arabia Saudyjska
53%
Meksyk
53%
Jamajka
45%
Boliwia
43%
Indie
43%
Dominika
42%
Republika Południowej Afryki
42%
Algieria
41%
Hiszpania
41%
Niger
39%
San Marino
39%
Pakistan
38%
Gujana
37%
Mołdawia
37%
Nigeria
37%
Paragwaj
37%
Gwinea
36%
Iran
36%
Libia
36%
Surinam
36%
Cypr
34%
Kongo
34%
Azerbejdżan
33%
Czarnogóra
33%
Etiopia
33%
Irak
33%
Liban
33%
Madagaskar
33%
Senegal
33%
Turkmenistan
33%
Mali
32%
Wybrzeże Kości Słoniowej
32%
Oman
30%
Peru
30%
Uzbekistan
30%
Afganistan
29%
Bangladesz
29%
Dominikana
29%
Belize
28%
Ekwador
28%
Kamerun
28%
Sudan
28%
Syria
28%
Togo
28%
Zjednoczone Emiraty Arabskie
28%
Maroko
26%
Zambia
26%
Gwinea Bissau
25%
Gwinea Równikowa
25%
Jordania
25%
Kenia
25%
Republika Środkowoafrykańska
24%
Sudan Południowy
24%
Seszele
22%
Zimbabwe
22%
Benin
21%
Burundi
21%
Kuwejt
21%
Lesotho
21%
Mauretania
21%
Mauritius
21%
Mozambik
21%
Tadżykistan
21%
Ghana
20%
Gwatemala
20%
Komory
20%
Erytrea
18%
Fidżi
18%
Gambia
18%
Grenada
18%
Nikaragua
18%
Rwanda
18%
Saint VIncent i Grenadyny
18%
Dżibuti
17%
Mjanma
17%
Namibia
17%
Saint Kitts i Nevis
17%
Sri Lanka
17%
Tanzania
17%
Malawi
16%
Malediwy
16%
Wyspy Świętego Tomasza i Książęca
16%
Burkina Faso
14%
Wyspy Salomona
14%
Gabon
13%
Salwador
13%
Sierra Leone
13%
Vanuatu
13%
Palestyna
12%

Rozkład punktacji

Percentyl według liczby udzielonych odpowiedzi

Procent ludzi z każdym wynikiem

Twoja historia wyników

Nie rozwiązałeś tego quizu od ostatniego zresetowania